quizz sur île de la réunion - Statistiques

Statistiques générales
  • Ce quiz a été pris 1 273 fois
  • Le résultat moyen est 12 sur 20
Statistiques - réponses
Questions réponses % Correct
seconde langue de l île créole
93%
Nom du volcan actif Piton de la fournaise
90%
Ancien nom de cette île en 1642. île Bourbon
88%
plus proche pays L'île Maurice
88%
code département 974
87%
Citez au moins un cirque de l'île de la réunion Cilaos Salazie Mafate
87%
Plus haut sommet de l'île de la Réunion Piton des neiges
81%
Durée d'un vol Paris -Saint denis direct et sans escale (en heure) 11
77%
nom de l'Aéroport international de Saint-Denis Roland Garros
77%
ville possédant un aéroport national ouvert en 1998 Saint Pierre
63%
terme désignant un Français métropolitain. Un Zoreille
52%
Nombre de communes 24
50%
nom du grand Raid qui se déroule fin octobre La diagonale des fous
50%
religion principale christianisme
46%
plaine située au centre de l'île desservie par une route reliant Saint-Benoît à Saint-Pierre. La Plaine-des-Palmistes
45%
Nom de l'archipel dont l'île en fait partie Les Mascareignes
44%
devise Euro
42%
Maladie transmise par un moustique qui toucha l'île de 2005 à 2006 ( 203 décès) chikungunya
29%
Année lorsqu'elle devient "île de La Réunion" 1793
13%
Célébrité réunionnais qui chanta "Chacun sa route" Tonton David
12%
Aucun quiz correspondant
Distribution des résultats
% des personnes avec chaque résultat
Percentile par nombre de réponses
Votre historique - résultats
Vous n’avez pas pris ce quiz